Countries Along the Pacific Ocean - Statistics

General Stats
  • This quiz has been taken 50 times
    43 since last reset
  • The average score is 16 of 21
Answer Stats
Countries % Correct
Peru
100%
Ecuador
97%
Colombia
91%
Costa Rica
91%
Panama
91%
Nicaragua
88%
Canada
85%
El Salvador
85%
Guatemala
85%
Honduras
85%
Mexico
85%
United Statesof America
85%
Russia
68%
South Korea
65%
United Statesof America
65%
Cambodia
59%
China
59%
North Korea
59%
North Korea
59%
Thailand
59%
Vietnam
59%
No matching quizzes found
Score Distribution
Percent of People with Each Score
Percentile by Number Answered
Your Score History
You have not taken this quiz since the last reset